02110 am a2200541 a 450000500170000000800410001702000150005804100080007309200180008124500590009925001070015826000310026530000170029650000970031359000880041065300310049865300540052965300520058365300290063565300370066465300260070165300590072765300330078665300210081965300250084065300180086565300470088365300370093065300640096765300410103165300390107265300600111165300240117165300210119565300220121665300130123870000220125170000230127370000220129670000240131870000260134270000200136893000090138893000080139794200120140599900130141795201380143020231212100424.0100504s1994||||sp a f |||| 001 0 spa d a8428208964 aspa c574.8l7sBIO aBiología molecular de la célula / cBruce Alberts a2a ed. 1a reimp.bTraducción Mercé Durfort i Coll ; Miquel Llobera i Sande y Senén Vilaró Coma aBarcelona: bOmega;c1994. a1300 p.bil. aAlberts, B. et al. (1994). Biología molecular de la célula. (2a ed.). Barcelona : Omega. aEl ejemplar N 1, inventario 197 "desaparecido". Donación de Cecilia Fontana, 2007 aEvolución de la célula aPequeñas moléculas, energía y biosíntesis aMacromeculas: estructura, forma e información aEstudio de las células aMecanismos genéticos básicos aMembrana plasmática aConversión energética: mitocondrias y cloroplastos aClasificación intracelular aNúcleo celular aExpresión génica aCitoesqueleto aTransmisión de señales entre células aCrecimiento y división celular aAdhesión celular, uniones celulares y matriz extracelular aCélulas germinales y fecundación aMecanismo celulares del desarrollo aCélulas diferenciadas y conservación de los tejidos aSistema inmunitario aSistema nervioso aCelulas vegetales aCáncer1 aAlberts, Bruce981 aLewis, Julian.9121 aRaff, Martin.9131 aRoberts, Keith.9141 aWatson, James D.92331 aBray, Dennis99 a1815 a301 2ddccBK c292d292 00102ddc4070aBFMbBFMcCRd2011-05-13l136m6o574.8 7 BIOp1815r2019-05-06s2019-05-06tej.3w2011-05-13yBKzHemeroteca 2022f